"Журнал совещания начальника Верховной Распорядительной Комиссии с представителями Санкт-Петербургского городского общественного...

RUSMARC
00004750nac2a22003133x 450
001d2ce29f2-47df-4d73-971b-ec3ba77f2d2d
00520240723143435.0
100##$a20240716l1880 k y0rusy50 ca
1010#$arus
102##$aRU
105##$ay z |||||
1220#$ad18800305
2001#$a"Журнал совещания начальника Верховной Распорядительной Комиссии с представителями Санкт-Петербургского городского общественного управления" о борьбе с революционным движением
$j05.03.1880
215##$a2 листа
$d37,7 х 24,2
251##$cДело
300##$aНапечатано типографским способом
325##$aЗамикрофильмировано
330##$aВходит в раздел описи: Разные материалы
461#0$1001cda3d175-ae4a-411a-8dea-9cc20fb178f6
$12001
$aЛорис-Меликов Михаил Тариелович, граф, министр внутренних дел, главный начальник "верховной распорядительной комиссии по охранению государственного порядка и общественного спокойствия", генерал от кавалерии
$1251
$cФонд
$1852
$j569
462#0$1001163e060a-d7cc-404d-90ee-e28c9801971b
$12001
$aОпись дел фонда М. Т. Лорис-Меликова за 1858-1915 гг.
$vД. 282
$1251
$cОпись
$1852
$j1
60101$aРоссия
$bВерховная распорядительная комиссия
60102$3RU\NLR\AUTH\8810171282
$aПетербургское городское общественное управление
605##$3DITM\AF\0000002775
$aВласть
$lколлекция
$2acquisition_prlib
6101#$aЖурнал совещания
$aРеволюционное движение
686##$a63.3(2)535-332ю1
$cИстория
$2rubbk
686##$a67.400.6ю1
$cПраво
$2rubbk
801#0$aRU
$bGA_RF
801#1$aRU
$bГлавНИВЦ
$c20240716
$2rusmarc
801#2$aRU
$bПБ им. Б.Н. Ельцина
$c20240723
$gRCR
$2rusmarc
852##$aГА РФ
$j282
937##$d193079645
$hГАРФ
035##$aRuPRLIB51076734
856##$uhttp://readingroom.main.prlib.ru/item.aspx?id_node=n193079645&mode=full
Формат отображения